000
00209 a2200097 4500
001
18625
100
_a
Taba tabai
245
_a
Siratual mutakherin
260
_a
_b
Nafees academy
_c
1968
090
_c
13852
_d
13852
942
_a
NUST-CAE
_c
M
_c
4283
999
_c
253698
_d
253698